000 00757cam a2200241 a 4500
001 230
003 BR-CuiBMT
005 20231026201332.0
008 230904s2011 mgb 001 0 por d
020 _a9788577003976
040 _aBR-CuiBMT
_cBR-CuiBMT
080 _22007
_a349.3
090 _a349.3
_bA447f
100 1 _aAlmeida, Milton Vasques Thibau de
245 1 0 _aFundamentos constitucionais da previdência social /
_cMilton Vasques Thibau de Almeida ; prefácio Carlos Mário da Silva Velloso.
260 _aBelo Horizonte:
_bFórum,
_c2011.
300 _a197 p. ;
_c22 cm
504 _aInclui bibliografia e índice.
650 _aDireito constitucional
650 _aDireito previdênciário
650 _aSeguridade social
942 _2udc
_cLV
999 _c230
_d230